| 000 | 01002cab a22002175a 4500 | ||
|---|---|---|---|
| 001 | L152884 | ||
| 008 | 110510e20110430xxk 000 0 eng d | ||
| 035 | _a(Sirsi) u152884 | ||
| 041 | 0 | _aeng | |
| 110 | 2 |
_aEstates Gazette _9298 |
|
| 245 | 0 | 0 | _aStable base for mobile homes |
| 260 | _c2011 | ||
| 490 |
_aEstates Gazette _v(1117) 30 April 2011, 68(1) |
||
| 520 | _aReviews park home changes which have come into effect in England. These extend the right of occupiers of local authority and county council gypsy and traveller sites. It transfers jurisdiction over most disputes between site owner and occupiers from the county court to the Residential Property Tribunal. | ||
| 590 | _aKA | ||
| 650 | 2 | 4 | _aHousing and Regeneration Act 2008 (Consequential Amendments to the Mobile Homes Act 1983) Order 2011 |
| 651 | 4 |
_aEngland _y886- |
|
| 690 | _aENVIRONMENTAL AND LAND CONSULTANCY-PLANNING AND DEVELOPMENT | ||
| 856 | 4 | 0 | _aENVIRONMENTAL AND LAND CONSULTANCY-PLANNING AND DEVELOPMENT |
| 942 | _n0 | ||
| 999 |
_c83134 _d83134 |
||